Olympics medal table - Barcelona 1992 - Statistics

General Stats
  • This quiz has been taken 35 times
  • The average score is 9 of 11
Answer Stats
Gold Silver Bronze Total Nation % Correct
37 34 37 108 United States
100%
16 22 16 54 China
91%
33 21 28 82 Germany
91%
13 7 2 22 Spain
91%
3 8 11 22 Japan
88%
7 9 11 27 Australia
84%
8 5 16 29 France
84%
12 5 12 29 South Korea
78%
45 38 29 112 Unified Team
66%
11 12 7 30 Hungary
50%
14 6 11 31 Cuba
38%
No matching quizzes found
Score Distribution
Percent of People with Each Score
Percentile by Number Answered
Your Score History
You have not taken this quiz